[Event "WYCC Girls U14"]
[Site "Porto Carras"]
[Date "2015.10.26"]
[Round "2.11"]
[White "Imperor, Amelie"]
[Black "Obolentseva, Alexandra"]
[Result "1/2-1/2"]
[BlackElo "2084"]
[WhiteElo "1834"]
[LiveChessVersion "1.4.6"]

1. e4 {[%clk 1:30:54]} c5 {[%clk 1:30:54]} 2. Nc3 {[%clk 1:31:18]} d6
{[%clk 1:31:19]} 3. g3 {[%clk 1:31:42]} Nc6 {[%clk 1:31:36]} 4. Bg2
{[%clk 1:32:03]} g6 {[%clk 1:31:59]} 5. d3 {[%clk 1:32:19]} Bg7 {[%clk 1:32:23]}
6. Be3 {[%clk 1:32:36]} Nf6 {[%clk 1:32:46]} 7. h3 {[%clk 1:30:07]} O-O
{[%clk 1:32:45]} 8. Qd2 {[%clk 1:21:50]} Rb8 {[%clk 1:33:08]} 9. Bh6
{[%clk 1:19:06]} Bxh6 {[%clk 1:33:30]} 10. Qxh6 {[%clk 1:19:26]} Nd4
{[%clk 1:33:57]} 11. Qd2 {[%clk 1:17:23]} b5 {[%clk 1:33:37]} 12. Nce2
{[%clk 0:53:52]} b4 {[%clk 1:29:39]} 13. f4 {[%clk 0:51:45]} Bb7 {[%clk 1:28:49]}
14. Nf3 {[%clk 0:42:20]} Nxf3+ {[%clk 1:25:27]} 15. Bxf3 {[%clk 0:42:34]} c4
{[%clk 1:24:28]} 16. O-O {[%clk 0:38:45]} Qb6+ {[%clk 1:23:39]} 17. Kg2
{[%clk 0:38:42]} e6 {[%clk 1:17:47]} 18. g4 {[%clk 0:33:56]} Rfc8
{[%clk 1:16:22]} 19. g5 {[%clk 0:30:53]} cxd3 20. cxd3 {[%clk 0:29:33]} Nd7
{[%clk 1:15:08]} 21. Rfc1 {[%clk 0:22:57]} Qb5 {[%clk 1:12:13]} 22. b3
{[%clk 0:23:01]} Nb6 {[%clk 1:10:08]} 23. d4 {[%clk 0:23:01]} a5 {[%clk 1:10:08]}
24. Ng3 {[%clk 0:15:29]} d5 {[%clk 1:00:59]} 25. e5 {[%clk 0:14:58]} Na8
{[%clk 1:00:39]} 26. h4 {[%clk 0:14:06]} Qb6 {[%clk 1:00:30]} 27. h5
{[%clk 0:11:50]} Nc7 {[%clk 1:00:41]} 28. Ne2 {[%clk 0:10:47]} Ba6
{[%clk 0:57:08]} 29. Rc2 {[%clk 0:10:32]} Nb5 {[%clk 0:55:39]} 30. Rac1
{[%clk 0:10:47]} Qb7 {[%clk 0:55:18]} 31. Rc5 {[%clk 0:10:28]} Rxc5
{[%clk 0:54:10]} 32. Rxc5 {[%clk 0:10:51]} Rc8 {[%clk 0:54:24]} 33. Qc1
{[%clk 0:10:44]} Rxc5 {[%clk 0:54:46]} 34. Qxc5 {[%clk 0:11:10]} Qc7
{[%clk 0:54:27]} 35. hxg6 {[%clk 0:07:14]} hxg6 {[%clk 0:54:49]} 36. Qxc7
{[%clk 0:06:30]} Nxc7 {[%clk 0:55:15]} 37. Kf2 {[%clk 0:06:28]} Nb5
{[%clk 0:55:36]} 38. Ke3 {[%clk 0:05:31]} Na3 {[%clk 0:55:28]} 39. Kd2
{[%clk 0:05:36]} Nb1+ {[%clk 0:55:01]} 40. Kc2 {[%clk 0:32:51]} Bxe2
{[%clk 1:25:20]} 41. Bxe2 {[%clk 0:33:18]} Nc3 {[%clk 1:25:44]} 42. Ba6
{[%clk 0:31:31]} Nxa2 {[%clk 1:25:29]} 43. Bb7 {[%clk 0:30:32]} Kf8
{[%clk 1:25:09]} 44. Bc6 {[%clk 0:30:42]} Ke7 {[%clk 1:25:33]} 45. Kd2
{[%clk 0:30:23]} Kd8 {[%clk 1:23:58]} 46. Kc2 {[%clk 0:30:15]} Nc3
{[%clk 1:24:21]} 47. Kd2 {[%clk 0:28:38]} Ne4+ {[%clk 1:23:42]} 48. Ke2
{[%clk 0:28:00]} Ng3+ {[%clk 1:24:05]} 49. Ke3 {[%clk 0:27:57]} Nf5+
{[%clk 1:24:10]} 50. Kf3 {[%clk 0:26:43]} Nxd4+ {[%clk 1:22:22]} 51. Ke3
{[%clk 0:27:05]} Nc2+ {[%clk 1:22:43]} 52. Kd3 {[%clk 0:27:05]} Na3
{[%clk 1:23:10]} 53. Kd2 {[%clk 0:25:43]} Nb1+ {[%clk 1:23:34]} 54. Kc2
{[%clk 0:26:04]} 1/2-1/2

[Event "WYCC Girls U14"]
[Site "Porto Carras"]
[Date "2015.10.26"]
[Round "2.12"]
[White "Redondo Benavente, Ana"]
[Black "Jie, Tianhui"]
[Result "1-0"]
[BlackElo "1792"]
[WhiteElo "2064"]
[LiveChessVersion "1.4.6"]

1. e4 {[%clk 1:30:57]} c5 {[%clk 1:30:53]} 2. b3 {[%clk 1:31:12]} Nc6
{[%clk 1:30:53]} 3. Bb2 {[%clk 1:31:24]} d6 {[%clk 1:30:18]} 4. Bb5
{[%clk 1:31:08]} Bd7 {[%clk 1:30:12]} 5. f4 {[%clk 1:30:49]} Nf6 {[%clk 1:22:48]}
6. Nc3 {[%clk 1:30:16]} a6 {[%clk 1:20:58]} 7. Bxc6 {[%clk 1:29:34]} Bxc6
{[%clk 1:20:45]} 8. d3 {[%clk 1:26:48]} e6 {[%clk 1:17:40]} 9. Nf3
{[%clk 1:25:40]} Be7 {[%clk 1:11:07]} 10. O-O {[%clk 1:23:00]} O-O
{[%clk 1:11:19]} 11. Qe1 {[%clk 1:20:52]} Qb6 {[%clk 1:03:29]} 12. Kh1
{[%clk 1:19:17]} Rfe8 {[%clk 1:02:40]} 13. e5 {[%clk 1:10:49]} Nd7
{[%clk 0:56:40]} 14. Qg3 {[%clk 1:01:40]} dxe5 {[%clk 0:50:18]} 15. Ne4
{[%clk 0:55:23]} Bxe4 {[%clk 0:46:08]} 16. dxe4 {[%clk 0:55:40]} Bf8
{[%clk 0:41:08]} 17. fxe5 {[%clk 0:47:30]} h6 {[%clk 0:35:50]} 18. Nd2
{[%clk 0:38:41]} Qc6 {[%clk 0:33:22]} 19. Rf4 {[%clk 0:38:24]} Nb6
{[%clk 0:27:41]} 20. Raf1 {[%clk 0:37:38]} Re7 {[%clk 0:27:53]} 21. Nf3
{[%clk 0:35:53]} Rd8 {[%clk 0:25:52]} 22. Rh4 {[%clk 0:34:14]} g6
{[%clk 0:24:18]} 23. Bc1 {[%clk 0:34:00]} Red7 {[%clk 0:23:02]} 24. Bxh6
{[%clk 0:31:35]} Rd1 {[%clk 0:23:02]} 25. Ne1 {[%clk 0:26:25]} Bxh6
{[%clk 0:16:08]} 26. Qf3 {[%clk 0:25:14]} Qe8 {[%clk 0:14:14]} 27. Rxh6
{[%clk 0:25:21]} Qf8 {[%clk 0:14:25]} 28. Rh4 {[%clk 0:23:49]} Qg7 29. Rf4
{[%clk 0:21:49]} R8d7 {[%clk 0:13:13]} 30. Qc3 {[%clk 0:21:29]} Qh6
{[%clk 0:10:55]} 31. R4f2 {[%clk 0:17:49]} Qc1 {[%clk 0:07:12]} 32. Kg1
{[%clk 0:15:33]} Qa3 {[%clk 0:05:24]} 33. Qh3 {[%clk 0:12:16]} c4
{[%clk 0:04:57]} 34. Nf3 {[%clk 0:09:50]} Rxf1+ {[%clk 0:03:56]} 35. Rxf1
{[%clk 0:10:18]} Qc5+ {[%clk 0:03:32]} 36. Kh1 {[%clk 0:10:44]} Qf8
{[%clk 0:03:29]} 37. Ng5 {[%clk 0:10:55]} Qg7 {[%clk 0:03:50]} 38. Kg1
{[%clk 0:09:28]} cxb3 {[%clk 0:04:08]} 39. cxb3 {[%clk 0:09:23]} Nc8
{[%clk 0:03:25]} 40. Rf6 {[%clk 0:37:08]} Na7 {[%clk 0:32:24]} 41. Qg4
{[%clk 0:35:16]} Nc6 {[%clk 0:27:22]} 42. Nxf7 {[%clk 0:24:58]} Nxe5
{[%clk 0:22:06]} 43. Nxe5 {[%clk 0:16:11]} Qxf6 {[%clk 0:22:05]} 44. Nxd7
{[%clk 0:16:34]} Qd4+ {[%clk 0:22:27]} 45. Kf1 {[%clk 0:16:54]} Qxd7
{[%clk 0:20:10]} 46. Qxg6+ {[%clk 0:17:15]} Kf8 {[%clk 0:20:26]} 47. Qf6+
{[%clk 0:16:55]} Kg8 {[%clk 0:20:09]} 48. Qg5+ {[%clk 0:17:13]} Kf8
{[%clk 0:20:29]} 49. Ke2 {[%clk 0:17:05]} Qc6 {[%clk 0:19:50]} 50. Kf3
{[%clk 0:16:28]} Qc3+ {[%clk 0:16:50]} 51. Kg4 {[%clk 0:16:12]} Qc2
{[%clk 0:16:35]} 52. Kh5 {[%clk 0:14:10]} Qxe4 {[%clk 0:16:05]} 53. Qf6+
{[%clk 0:14:10]} Ke8 {[%clk 0:15:54]} 54. Qg6+ {[%clk 0:14:22]} Qxg6+ 55. Kxg6
{[%clk 0:14:49]} Kd7 {[%clk 0:15:56]} 56. h4 {[%clk 0:13:56]} Kd6
{[%clk 0:15:44]} 57. h5 1-0

[Event "WYCC Girls U14"]
[Site "Porto Carras"]
[Date "2015.10.27"]
[Round "3.1"]
[White "Maltsevskaya, Aleksandra"]
[Black "Vaishali, R"]
[Result "0-1"]
[BlackElo "2314"]
[WhiteElo "2051"]
[LiveChessVersion "1.4.6"]

1. e4 {[%clk 1:30:55]} e5 {[%clk 1:30:16]} 2. Nf3 {[%clk 1:31:15]} Nc6
{[%clk 1:30:41]} 3. Bb5 {[%clk 1:31:36]} a6 {[%clk 1:31:04]} 4. Ba4
{[%clk 1:32:00]} Nf6 {[%clk 1:31:27]} 5. O-O {[%clk 1:32:18]} b5 {[%clk 1:31:53]}
6. Bb3 {[%clk 1:32:39]} Bb7 {[%clk 1:32:18]} 7. d3 {[%clk 1:32:58]} Bc5
{[%clk 1:32:27]} 8. Nc3 {[%clk 1:33:15]} d6 {[%clk 1:30:09]} 9. a4
{[%clk 1:24:36]} Na5 {[%clk 1:15:05]} 10. Ba2 {[%clk 1:23:38]} b4
{[%clk 1:11:04]} 11. Ne2 {[%clk 1:18:47]} h6 {[%clk 0:55:51]} 12. Ng3
{[%clk 1:14:54]} O-O {[%clk 0:52:53]} 13. Nf5 {[%clk 1:05:53]} d5
{[%clk 0:37:11]} 14. Nxe5 {[%clk 0:52:56]} dxe4 {[%clk 0:36:15]} 15. d4
{[%clk 0:52:49]} Bd6 {[%clk 0:35:26]} 16. Bf4 {[%clk 0:45:32]} Bc8
{[%clk 0:19:09]} 17. Ng3 {[%clk 0:30:42]} b3 {[%clk 0:14:36]} 18. cxb3
{[%clk 0:27:58]} Rb8 {[%clk 0:14:23]} 19. b4 {[%clk 0:14:09]} Rxb4
{[%clk 0:12:44]} 20. Qd2 {[%clk 0:12:51]} Be6 {[%clk 0:05:51]} 21. Bxe6
{[%clk 0:06:12]} fxe6 {[%clk 0:06:19]} 22. Rad1 {[%clk 0:05:24]} Nd5
{[%clk 0:05:12]} 23. Be3 {[%clk 0:05:52]} Rxa4 {[%clk 0:00:38]} 24. Qc2
{[%clk 0:01:42]} Qe8 {[%clk 0:00:38]} 25. Nxe4 {[%clk 0:00:47]} Bxe5
{[%clk 0:00:44]} 26. dxe5 {[%clk 0:00:57]} Rc4 {[%clk 0:01:09]} 27. Qb1
{[%clk 0:00:58]} Qh5 {[%clk 0:00:44]} 28. b3 {[%clk 0:00:45]} Rb4
{[%clk 0:00:44]} 29. Bc5 {[%clk 0:01:04]} Rxb3 {[%clk 0:00:57]} 30. Qa2
{[%clk 0:01:21]} Nf4 {[%clk 0:00:40]} 31. Ng3 {[%clk 0:01:01]} Rxg3
{[%clk 0:00:56]} 32. fxg3 {[%clk 0:00:39]} Ne2+ {[%clk 0:01:24]} 33. Kh1
{[%clk 0:00:46]} Nxg3+ {[%clk 0:01:53]} 34. Kg1 {[%clk 0:01:12]} Rxf1+
{[%clk 0:01:06]} 35. Rxf1 {[%clk 0:01:40]} Nxf1 {[%clk 0:01:33]} 36. Kxf1
{[%clk 0:00:42]} Qd1+ {[%clk 0:01:45]} 37. Kf2 {[%clk 0:01:10]} Nb3
{[%clk 0:02:04]} 38. Be3 {[%clk 0:00:55]} Nd4 {[%clk 0:00:50]} 39. Qxa6
{[%clk 0:00:37]} Qc2+ {[%clk 0:00:49]} 40. Kg1 {[%clk 0:30:41]} Qb1+
{[%clk 0:30:40]} 41. Qf1 {[%clk 0:26:11]} Qxf1+ {[%clk 0:25:15]} 42. Kxf1
{[%clk 0:26:34]} Nc6 {[%clk 0:25:43]} 43. Bf4 {[%clk 0:22:07]} g5
{[%clk 0:25:57]} 44. Bg3 {[%clk 0:22:30]} Kf7 {[%clk 0:26:06]} 45. Ke2
{[%clk 0:22:43]} Kg6 {[%clk 0:25:52]} 46. Kd3 {[%clk 0:21:07]} Kf5
{[%clk 0:26:11]} 47. h3 {[%clk 0:21:24]} Nxe5+ {[%clk 0:22:51]} 48. Kd4
{[%clk 0:21:42]} c5+ {[%clk 0:23:15]} 49. Ke3 {[%clk 0:15:04]} h5
{[%clk 0:21:55]} 50. Bh2 {[%clk 0:12:56]} g4 {[%clk 0:21:14]} 51. Bg3
{[%clk 0:12:58]} Nd7 {[%clk 0:20:38]} 52. Bd6 {[%clk 0:12:34]} e5
{[%clk 0:20:41]} 53. hxg4+ {[%clk 0:11:05]} Kxg4 {[%clk 0:20:05]} 54. Ke4
{[%clk 0:10:36]} Kg3 {[%clk 0:19:46]} 55. Kf5 {[%clk 0:10:28]} Kxg2
{[%clk 0:19:40]} 56. Ke6 {[%clk 0:10:47]} e4 {[%clk 0:19:57]} 57. Kxd7
{[%clk 0:10:24]} e3 {[%clk 0:20:19]} 58. Bxc5 {[%clk 0:10:39]} e2
{[%clk 0:20:45]} 59. Bb4 {[%clk 0:10:55]} h4 {[%clk 0:21:10]} 0-1

[Event "WYCC Girls U14"]
[Site "Porto Carras"]
[Date "2015.10.27"]
[Round "3.2"]
[White "Vantika, Agrawal"]
[Black "Shuvalova, Polina"]
[Result "0-1"]
[BlackElo "2171"]
[WhiteElo "2039"]
[LiveChessVersion "1.4.6"]

1. d4 {[%clk 1:30:36]} Nf6 {[%clk 1:30:55]} 2. Nf3 {[%clk 1:30:54]} g6
{[%clk 1:31:20]} 3. g3 {[%clk 1:31:19]} Bg7 {[%clk 1:31:47]} 4. Bg2
{[%clk 1:31:41]} O-O {[%clk 1:32:13]} 5. O-O {[%clk 1:31:56]} d6 {[%clk 1:32:39]}
6. c4 {[%clk 1:30:40]} c6 {[%clk 1:33:07]} 7. Nc3 {[%clk 1:31:02]} Qa5
{[%clk 1:33:32]} 8. e4 {[%clk 1:30:47]} Qh5 {[%clk 1:33:57]} 9. Ng5
{[%clk 1:30:28]} Na6 {[%clk 1:33:58]} 10. h3 {[%clk 1:30:05]} Qxd1
{[%clk 1:34:16]} 11. Rxd1 {[%clk 1:30:26]} e5 {[%clk 1:34:44]} 12. d5
{[%clk 1:29:34]} h6 {[%clk 1:34:05]} 13. Nf3 {[%clk 1:29:49]} cxd5
{[%clk 1:34:24]} 14. cxd5 {[%clk 1:29:42]} Bd7 {[%clk 1:29:59]} 15. Be3
{[%clk 1:29:18]} Rfc8 {[%clk 1:22:59]} 16. Bf1 {[%clk 1:26:38]} Nc5
{[%clk 1:15:52]} 17. Nd2 {[%clk 1:25:22]} Ne8 {[%clk 1:14:52]} 18. a4
{[%clk 1:12:14]} f5 {[%clk 1:09:03]} 19. f3 {[%clk 1:08:06]} Nf6 {[%clk 0:54:11]}
20. Ra3 {[%clk 1:01:11]} fxe4 {[%clk 0:20:14]} 21. fxe4 {[%clk 0:50:19]} Ne8
{[%clk 0:19:17]} 22. Nb5 {[%clk 0:40:39]} Bxb5 {[%clk 0:18:00]} 23. axb5
{[%clk 0:40:24]} Nf6 {[%clk 0:14:16]} 24. Bg2 {[%clk 0:34:12]} b6
{[%clk 0:08:12]} 25. Rda1 {[%clk 0:21:48]} Rc7 {[%clk 0:08:08]} 26. Rc3
{[%clk 0:17:32]} Rac8 {[%clk 0:06:54]} 27. b4 {[%clk 0:16:21]} Ncd7
{[%clk 0:06:59]} 28. Rc6 {[%clk 0:16:37]} Ne8 {[%clk 0:05:54]} 29. Rxa7
{[%clk 0:15:12]} Rxa7 {[%clk 0:06:23]} 30. Rxc8 {[%clk 0:15:33]} Kf7
{[%clk 0:06:34]} 31. Nc4 {[%clk 0:11:57]} Ra4 {[%clk 0:05:28]} 32. Rc7
{[%clk 0:09:42]} Nxc7 {[%clk 0:05:22]} 33. Nxd6+ {[%clk 0:07:35]} Ke7
{[%clk 0:03:30]} 34. Nc8+ {[%clk 0:07:28]} Kd8 {[%clk 0:03:56]} 35. Nxb6
{[%clk 0:07:49]} Nxb6 {[%clk 0:04:17]} 36. Bxb6 {[%clk 0:08:14]} Bf8
{[%clk 0:04:41]} 37. Bf1 {[%clk 0:07:59]} Rxb4 {[%clk 0:05:00]} 38. Ba5
{[%clk 0:05:54]} Bc5+ {[%clk 0:04:49]} 39. Kh1 {[%clk 0:05:41]} Ra4
{[%clk 0:04:32]} 40. Bc3 {[%clk 0:35:44]} Rxe4 {[%clk 0:34:40]} 41. Bg2
{[%clk 0:35:46]} Rc4 {[%clk 0:34:51]} 42. Bd2 {[%clk 0:35:49]} Rd4
{[%clk 0:35:11]} 43. Bxh6 {[%clk 0:34:56]} Rd1+ {[%clk 0:35:30]} 44. Kh2
{[%clk 0:35:23]} Bg1+ {[%clk 0:35:56]} 45. Kh1 {[%clk 0:35:51]} Be3+
{[%clk 0:36:18]} 46. Kh2 {[%clk 0:36:19]} Bxh6 {[%clk 0:36:41]} 47. b6
{[%clk 0:36:45]} Nxd5 {[%clk 0:37:03]} 48. b7 {[%clk 0:36:52]} Kc7
{[%clk 0:37:28]} 49. h4 {[%clk 0:37:14]} Kxb7 {[%clk 0:37:47]} 50. g4
{[%clk 0:37:10]} Bf4+ {[%clk 0:38:11]} 51. Kh3 {[%clk 0:37:38]} Rd3+
{[%clk 0:38:35]} 0-1

[Event "WYCC Girls U14"]
[Site "Porto Carras"]
[Date "2015.10.27"]
[Round "3.3"]
[White "Antova, Gabriela"]
[Black "Urh, Zala"]
[Result "1-0"]
[BlackElo "2051"]
[WhiteElo "2165"]
[LiveChessVersion "1.4.6"]

1. d4 {[%clk 1:30:58]} Nf6 {[%clk 1:30:18]} 2. c4 {[%clk 1:31:20]} e6
{[%clk 1:30:32]} 3. Nc3 {[%clk 1:31:45]} Bb4 {[%clk 1:30:06]} 4. e3
{[%clk 1:31:59]} O-O {[%clk 1:27:03]} 5. Nge2 {[%clk 1:32:12]} b6
{[%clk 1:25:39]} 6. a3 {[%clk 1:32:24]} Bxc3+ {[%clk 1:25:39]} 7. Nxc3
{[%clk 1:32:46]} Bb7 {[%clk 1:24:57]} 8. Bd3 {[%clk 1:32:27]} d5 {[%clk 1:23:53]}
9. O-O {[%clk 1:28:31]} Nbd7 {[%clk 1:21:11]} 10. b3 {[%clk 1:18:16]} c5
{[%clk 1:17:35]} 11. Bb2 {[%clk 1:16:47]} cxd4 {[%clk 1:13:18]} 12. exd4
{[%clk 1:17:04]} Ne4 {[%clk 1:07:33]} 13. Re1 {[%clk 1:06:49]} f5
{[%clk 0:59:49]} 14. f3 {[%clk 0:58:14]} Nxc3 {[%clk 0:58:29]} 15. Bxc3
{[%clk 0:58:42]} Re8 {[%clk 0:55:56]} 16. Rc1 {[%clk 0:57:47]} Rc8
{[%clk 0:54:01]} 17. Qd2 {[%clk 0:55:35]} Nf6 {[%clk 0:46:22]} 18. Qf2
{[%clk 0:43:13]} dxc4 {[%clk 0:38:36]} 19. bxc4 {[%clk 0:42:49]} Ba6
{[%clk 0:35:13]} 20. Bb2 {[%clk 0:42:06]} Rc7 {[%clk 0:31:57]} 21. Rc2
{[%clk 0:37:29]} Qd7 {[%clk 0:27:49]} 22. Qg3 {[%clk 0:36:57]} Nh5
{[%clk 0:21:48]} 23. Qe5 {[%clk 0:34:03]} Nf6 {[%clk 0:19:05]} 24. h3
{[%clk 0:27:08]} h5 {[%clk 0:13:43]} 25. Qg3 {[%clk 0:26:19]} Rec8
{[%clk 0:11:28]} 26. Rec1 {[%clk 0:19:30]} Qf7 {[%clk 0:10:28]} 27. d5
{[%clk 0:18:05]} f4 {[%clk 0:05:45]} 28. Qxf4 {[%clk 0:16:44]} exd5
{[%clk 0:05:34]} 29. cxd5 {[%clk 0:13:41]} Rxc2 {[%clk 0:05:26]} 30. Rxc2
{[%clk 0:13:59]} Rxc2 {[%clk 0:04:34]} 31. Bxc2 {[%clk 0:14:28]} Nxd5
{[%clk 0:00:52]} 32. Qb8+ {[%clk 0:14:25]} Qf8 {[%clk 0:01:05]} 33. Bh7+
{[%clk 0:14:07]} Kf7 {[%clk 0:01:01]} 34. Qxa7+ {[%clk 0:13:04]} Qe7
{[%clk 0:00:55]} 35. Qxa6 {[%clk 0:11:38]} Qe3+ {[%clk 0:00:40]} 36. Kf1
{[%clk 0:10:59]} 1-0

[Event "WYCC Girls U14"]
[Site "Porto Carras"]
[Date "2015.10.27"]
[Round "3.4"]
[White "Radeva, Viktoria"]
[Black "Gajcin, Marina"]
[Result "1/2-1/2"]
[BlackElo "2017"]
[WhiteElo "2145"]
[LiveChessVersion "1.4.6"]

1. e4 {[%clk 1:30:58]} c5 {[%clk 1:30:56]} 2. Nf3 {[%clk 1:31:20]} Nc6
{[%clk 1:31:07]} 3. d4 {[%clk 1:31:43]} cxd4 {[%clk 1:31:27]} 4. Nxd4
{[%clk 1:32:06]} g6 {[%clk 1:31:49]} 5. c4 {[%clk 1:32:27]} d6 {[%clk 1:31:39]}
6. Nc3 {[%clk 1:32:28]} Bg7 {[%clk 1:31:38]} 7. Be3 {[%clk 1:32:39]} Qb6
{[%clk 1:30:55]} 8. Nd5 {[%clk 0:59:24]} Qxb2 {[%clk 1:21:55]} 9. Rb1
{[%clk 0:57:28]} Qxa2 {[%clk 1:20:07]} 10. Ra1 {[%clk 0:52:36]} Qb2
{[%clk 1:20:33]} 11. Rb1 {[%clk 0:51:53]} Qa2 {[%clk 1:20:43]} 12. Ra1
{[%clk 0:43:35]} Qb2 {[%clk 1:21:06]} 13. Rb1 {[%clk 0:43:51]} Qa2
{[%clk 1:21:24]} 1/2-1/2

[Event "WYCC Girls U14"]
[Site "Porto Carras"]
[Date "2015.10.27"]
[Round "3.5"]
[White "Palma, Maria"]
[Black "Badelka, Olga"]
[Result "0-1"]
[BlackElo "2145"]
[WhiteElo "1979"]
[LiveChessVersion "1.4.6"]

1. Nf3 {[%clk 1:28:11]} Nf6 {[%clk 1:30:56]} 2. c4 {[%clk 1:28:29]} e6
{[%clk 1:31:21]} 3. g3 {[%clk 1:28:44]} a6 {[%clk 1:31:48]} 4. Bg2
{[%clk 1:28:55]} b5 {[%clk 1:32:12]} 5. O-O {[%clk 1:25:53]} Bb7 {[%clk 1:32:12]}
6. d3 {[%clk 1:24:09]} Be7 {[%clk 1:31:03]} 7. b3 {[%clk 1:16:33]} O-O
{[%clk 1:30:27]} 8. Bb2 {[%clk 1:16:14]} c5 {[%clk 1:30:31]} 9. Nbd2
{[%clk 1:07:18]} d6 {[%clk 1:23:00]} 10. d4 {[%clk 1:00:00]} Nbd7
{[%clk 1:17:56]} 11. Re1 {[%clk 0:57:09]} Rb8 {[%clk 1:12:19]} 12. cxb5
{[%clk 0:48:17]} axb5 {[%clk 1:12:45]} 13. e4 {[%clk 0:47:34]} d5
{[%clk 1:06:12]} 14. exd5 {[%clk 0:46:22]} Nxd5 {[%clk 1:01:25]} 15. Ne5
{[%clk 0:40:35]} Nxe5 {[%clk 1:00:42]} 16. dxe5 {[%clk 0:39:13]} c4
{[%clk 0:49:56]} 17. bxc4 {[%clk 0:31:59]} bxc4 {[%clk 0:50:16]} 18. Bxd5
{[%clk 0:28:01]} Qxd5 {[%clk 0:49:53]} 19. f3 {[%clk 0:23:34]} Bb4
{[%clk 0:48:40]} 20. Bc1 {[%clk 0:18:04]} Qd4+ {[%clk 0:48:23]} 0-1

[Event "WYCC Girls U14"]
[Site "Porto Carras"]
[Date "2015.10.27"]
[Round "3.6"]
[White "Sliwicka, Alicja"]
[Black "Ouellet, Maili-Jade"]
[Result "0-1"]
[BlackElo "2005"]
[WhiteElo "2129"]
[LiveChessVersion "1.4.6"]

1. e4 {[%clk 1:30:57]} c5 {[%clk 1:30:57]} 2. Nf3 {[%clk 1:31:21]} e6
{[%clk 1:31:22]} 3. c4 {[%clk 1:31:44]} d6 {[%clk 1:31:33]} 4. Nc3
{[%clk 1:31:48]} Nf6 {[%clk 1:31:24]} 5. Be2 {[%clk 1:30:55]} Be7
{[%clk 1:31:36]} 6. d4 {[%clk 1:30:42]} cxd4 {[%clk 1:31:49]} 7. Nxd4
{[%clk 1:31:03]} a6 {[%clk 1:32:07]} 8. Be3 {[%clk 1:31:07]} Qc7 {[%clk 1:32:21]}
9. O-O {[%clk 1:31:08]} O-O {[%clk 1:32:14]} 10. Qd2 {[%clk 1:31:16]} Nbd7
{[%clk 1:31:47]} 11. Rac1 {[%clk 1:31:21]} b6 {[%clk 1:31:42]} 12. Rfd1
{[%clk 1:31:26]} Bb7 {[%clk 1:31:19]} 13. f3 {[%clk 1:31:41]} Rac8
{[%clk 1:30:54]} 14. Bf1 {[%clk 1:31:34]} Rfe8 {[%clk 1:30:42]} 15. Qf2
{[%clk 1:30:37]} Qb8 {[%clk 1:29:08]} 16. a3 {[%clk 1:27:07]} Bd8
{[%clk 1:25:20]} 17. b4 {[%clk 1:22:39]} Bc7 {[%clk 1:24:44]} 18. g4
{[%clk 1:12:52]} h6 {[%clk 1:20:36]} 19. Nde2 {[%clk 1:08:30]} d5
{[%clk 0:57:22]} 20. cxd5 {[%clk 0:57:44]} exd5 {[%clk 0:57:39]} 21. h3
{[%clk 0:51:38]} dxe4 {[%clk 0:55:25]} 22. f4 {[%clk 0:51:32]} Rcd8
{[%clk 0:49:50]} 23. Ng3 {[%clk 0:47:54]} Nf8 {[%clk 0:42:51]} 24. Rxd8
{[%clk 0:44:49]} Rxd8 {[%clk 0:36:48]} 25. b5 {[%clk 0:40:43]} a5
{[%clk 0:35:05]} 26. Bg2 {[%clk 0:32:57]} Ng6 {[%clk 0:31:52]} 27. Nge2
{[%clk 0:26:19]} Re8 {[%clk 0:26:40]} 28. Rd1 {[%clk 0:23:31]} Bd6
{[%clk 0:13:58]} 29. a4 {[%clk 0:21:39]} Nd7 {[%clk 0:12:02]} 30. Nd5
{[%clk 0:18:34]} Nc5 {[%clk 0:08:21]} 31. f5 {[%clk 0:15:44]} Bxd5
{[%clk 0:02:11]} 32. Rxd5 {[%clk 0:14:25]} Ne7 {[%clk 0:01:36]} 33. Rd1
{[%clk 0:14:07]} Nd3 {[%clk 0:01:42]} 34. Qf1 {[%clk 0:12:31]} Nd5
{[%clk 0:01:39]} 35. Bd4 {[%clk 0:12:28]} Bc5 {[%clk 0:01:00]} 36. Bxe4
{[%clk 0:05:07]} Bxd4+ {[%clk 0:01:01]} 37. Nxd4 {[%clk 0:05:31]} Qg3+
{[%clk 0:01:09]} 38. Bg2 {[%clk 0:01:49]} Ne3 {[%clk 0:01:23]} 39. Rxd3
{[%clk 0:01:39]} Nxf1 {[%clk 0:01:38]} 40. Rxg3 {[%clk 0:32:03]} Nxg3
{[%clk 0:32:03]} 41. Bc6 {[%clk 0:31:51]} Rd8 {[%clk 0:31:33]} 42. Nf3
{[%clk 0:28:08]} Ne2+ {[%clk 0:22:46]} 43. Kf2 {[%clk 0:28:31]} Nd4
{[%clk 0:21:47]} 44. Ke3 {[%clk 0:27:14]} Nxf3 {[%clk 0:21:59]} 45. Bxf3
{[%clk 0:27:37]} Kf8 {[%clk 0:22:00]} 46. h4 {[%clk 0:25:58]} f6 {[%clk 0:17:50]}
47. Be2 {[%clk 0:24:14]} Ke7 {[%clk 0:17:13]} 48. Bf3 {[%clk 0:23:53]} Kd6
{[%clk 0:17:04]} 49. Kd4 {[%clk 0:24:17]} Re8 {[%clk 0:17:27]} 50. Be4
{[%clk 0:23:16]} Re5 {[%clk 0:17:45]} 51. Ke3 {[%clk 0:22:26]} Kc5
{[%clk 0:17:13]} 52. Kf4 {[%clk 0:22:39]} Kd4 {[%clk 0:17:11]} 53. Bf3
{[%clk 0:22:26]} Re3 {[%clk 0:16:14]} 54. Bd1 {[%clk 0:22:22]} Rh3
{[%clk 0:16:11]} 55. Bf3 {[%clk 0:22:36]} Rh2 {[%clk 0:14:34]} 56. Kg3
{[%clk 0:21:37]} Ra2 {[%clk 0:14:53]} 57. g5 {[%clk 0:21:24]} hxg5
{[%clk 0:14:40]} 58. hxg5 {[%clk 0:21:49]} Rxa4 {[%clk 0:14:05]} 59. Kh4
{[%clk 0:21:59]} Ke5+ {[%clk 0:13:36]} 60. Kh5 {[%clk 0:21:08]} Kxf5
{[%clk 0:13:29]} 61. g6 {[%clk 0:20:15]} Ra3 {[%clk 0:13:13]} 0-1